Legal terminology explained

Legal Terminology Explained for Paralegals is designed for students and teachers in legal career programs, in law-related programs, and in programs that overlap the law. It provides accurate definitions to law-related words and phrases and discusses each word and phrase in a brief narrative among re...

Ausführliche Beschreibung

Gespeichert in:
Bibliographische Detailangaben
1. Verfasser: Nolfi, Edward A.
Format: Buch
Sprache:Undetermined
Veröffentlicht: Boston McGraw Hill 2009
Schlagworte:
Tags: Tag hinzufügen
Keine Tags, Fügen Sie den ersten Tag hinzu!
Thư viện lưu trữ: Trung tâm Học liệu Trường Đại học Cần Thơ
LEADER 01071nam a2200205Ia 4500
001 CTU_187157
008 210402s9999 xx 000 0 und d
082 |a 349.73014 
082 |b N786 
100 |a Nolfi, Edward A. 
245 0 |a Legal terminology explained 
245 0 |c Edward A. Nolfi 
260 |a Boston 
260 |b McGraw Hill 
260 |c 2009 
520 |a Legal Terminology Explained for Paralegals is designed for students and teachers in legal career programs, in law-related programs, and in programs that overlap the law. It provides accurate definitions to law-related words and phrases and discusses each word and phrase in a brief narrative among related words and phrases, in a logical progression, according to a high-level outline. It strips legal terminology of its oftentimes confusing, excessive, or unnecessary explanations and in turn, provides the student with clear and concise definitions. 
650 |a Law,Luật 
650 |z United States,Hoa Kỳ 
910 |a Hải 
980 |a Trung tâm Học liệu Trường Đại học Cần Thơ